| 000 | 06318nam a2200361 i 4500 | ||
|---|---|---|---|
| 001 | 000025782 | ||
| 003 | DO-SdBNP | ||
| 005 | 20230821135343.0 | ||
| 007 | ta | ||
| 008 | 110222s2003 dr 000 0 spa d | ||
| 040 |
_aDO-SdBNP _bspa _cBNPHU _erda |
||
| 082 |
_a346.72930135 _bR426c, 2003 _222 |
||
| 110 | 1 |
_aRepública Dominicana. [Leyes, etc.] _9447 |
|
| 240 | 1 | 0 | _a[Leyes, etc.] |
| 245 | 1 | 0 | _aCódigo para el sistema de protección y los derechos fundamentales de niños, niñas y adolescentes ley 136-03. |
| 246 | 1 | 1 | _aLey 136-03 |
| 260 |
_b, _c2003. |
||
| 264 |
_aSanto Domingo : _bCONANI, _c2003 |
||
| 300 |
_a183 p. ; _c24 cm. |
||
| 336 |
_2rdacontent _atexto _btxt |
||
| 337 |
_2rdamedia _asin mediación _bn |
||
| 338 |
_2rdacarrier _avolumen _bnc |
||
| 505 | _aPrincipios generales 1 -- Garantías y derechos fundamentales. Disposiciones generales 4 -- Derechos fundamentales 6 -- Derecho a la salud 14 -- Derecho a la protección laboral de niños, niñas y adolescentes 16 -- Del derecho a la educación 19 -- Sistema nacional de protección de derechos de los niños, niñas y adolescentes. Disposiciones generales 24 -- De las políticas y programas 25 -- Del financiamiento del sistema nacional de protección de derecho de los niños, niñas y adolescentes 26 -- Derecho de la familia. Disposiciones generales 27 -- De la filiación 28 -- De la autoridad del padre y de la madre 30 -- De la guarda y del régimen de visita. Disposiciones generales sobre la guarda 34 -- Procedimiento de la guarda 36 -- Régimen de visitas 37 -- Demanda y sentencia de guarda y régimen de visita 38 -- Del traslado o retención ilegal de niño, niña y adolescente 41 -- Filiación por adopción |Disposiciones generales sobre la adopción 41 -- Modalidad de la adopción 42 -- La adopción privilegiada nacional condiciones de fondo de la adopción privilegiada de las personas que pueden adoptar y ser adoptados 43.-- Condiciones relativas a los adoptados 45 -- Condiciones de forma de la adopción privilegiada 45 -- Procedimiento de la adopción privilegiada 47 -- Fase administrativa de la adopción privilegiada 47 -- Fase administrativa jurisdiccional de la adopción privilegiada 51 -- Sentencias de adopción privilegiada y su publicidad 54 -- Nulidad de la adopción 57 -- Generalidades sobre la adopción internacional 58 -- Competencia 60 -- De los alimentos 60 -- Generalidades 60 -- Procedimientos 61 -- Medidas ordenadas por sentencia 64 -- Ejecución e interposición de recursos a las sentencias de alimentos 66 -- Tutela y consejo de familia y homologación 68 -- Procedimientos especiales |Patrimonio de niños, niñas y adolescentes amenazado por quien lo administra 68 -- Autorización para viajar 69 -- Prescripciones 70 -- De la jurisdicción de niños, niñas y adolescentes |Disposiciones generales 71 -- De la justicia penal de la persona adolescente |Disposiciones generales 77 -- Garantías procesales 79 -- De las acciones en el sistema de la justicia penal de la persona adolescente 81 -- De la acción penal 81 -- De la acción civil 83 -- Formas de terminación anticipada del proceso 84 -- De los sujetos procesales |De las personas adolescentes 84 -- De la defensa técnica 87 -- Del Ministerio de niños, niñas y adolescentes 89 -- Policía judicial de la persona adolescente 91 -- Del equipo multidisciplinario de atención integral 93 -- De los medios de prueba 96 -- Del proceso penal de la persona adolescente Disposiciones generales 96 -- Medidas cautelares 99 -- La investigación 103 -- El juicio de fondo 108 -- De los recursos 112 -- De la acción de habeas corpus 116 -- Del recurso de amparo 116 -- De las sanciones |Disposiciones generales 117 -- Definiciones de las sanciones 119 -- De las sanciones privativas de libertad 121 -- Ejecución y cumplimiento de las sanciones penales por la persona adolescente 124 -- Principios generales y derechos durante la ejecución y cumplimiento de las sanciones 125 -- De las autoridades de la ejecución y cumplimiento de las sanciones 128 -- De la competencia en el control de la ejecución de las sanciones 129 -- Del órgano administrativo encargado de la ejecución y cumplimiento de las sanciones 130 -- De las sentencias que dispongan sanciones socio-educativas y ordenes de orientación y supervisión 133 -- Ejecución de las ordenes de orientación y supervisión 136 -- De la ejecución de las sanciones privativas de libertad durante el tiempo libre 140 -- Atribuciones excepcionales de la jurisdicción de niños, niñas y adolescentes |Infracciones que contienen sanciones pecuniarias 142 -- Competencia de jurisdicción penal ordinaria |Infracciones que contienen sanciones privativas de libertad 144 -- Consejo Nacional para la Niñez y la Adolescencia (CONANI) y medidas de protección y restitución derechos 150 |Del consejo nacional para la niñez y la adolescencia creación e integración de CONANI y el funcionamiento de sus órganos administrativos 150 -- De la creación e integración del CONANI 150 -- Del directorio del CONANI 151 -- De la presidencia del consejo nacional para la niñez, CONANI 156 -- De la oficina nacional 158 -- De los directorios municipales 160 -- De las oficinas municipales 162 -- Del financiamiento del consejo nacional para la niñez y la adolescencia (CONANI) 1164 -- De la participación ciudadana y las organizaciones no gubernamentales 165 -- De la participación ciudadana 165 -- De los programas de las organizaciones no gubernamentales 166 -- De las medidas de protección y restitución de derechos, el proceso y la ejecución 170 -- Disposiciones generales 170 -- De las juntas locales de protección y restitución de derechos 172 -- Del proceso de protección y restitución de derechos 174 -- Del proceso general 174 -- Del proceso especial para la colocación en familia sustituta 176 -- De la ejecución de las medidas 179 | ||
| 590 | _aInventariado, 2023/DG | ||
| 650 | 4 |
_aDerecho del familia _xLegislación _zRepública Dominicana _952584 |
|
| 650 | 4 |
_aTrabajo social con niños _xLegislación _917172 |
|
| 650 | 4 |
_aNiños _xSituación legal _95138 |
|
| 650 | 4 |
_aLeyes _zRepública Dominicana _93033 |
|
| 651 | 4 |
_aRepública Dominicana _xLey 136-03 _917173 |
|
| 710 |
_aConsejo Nacional para la Niñez _99270 |
||
| 910 | _aDG | ||
| 942 |
_2ddc _cLBS1 |
||
| 999 |
_c54495 _d54495 |
||